000 00849nam a2200229 a 4500
001 000023991
005 20260312134255.0
008 110118s2007 cu a 000 0 spa d
020 _a9789590504754
040 _aDO-SdBNP
_bspa
_cBNPHU
082 _a305.235
_bP926a
100 1 _aPrendes Labrada, Mariela de la Concepción
_949327
245 1 0 _aAdolescente embarazada :
_bla mejor opción ? /
_cMarianela de la Concepción Prendes Labrada, Wilfredo Guibert Reyes.
260 _aLa Habana :
_bEditorial Científico Técnica,
_c2007.
300 _a188 P. :
_bil. ;
_c22 cm.
504 _aBibliografía : p. 185 - 188
590 _aInventariado, 2019 /LP
650 0 _aEmbarazo en adolescentes
_9909
650 0 _aMadres adolescentes
_949328
650 4 _aEducación para la la familia
_xManuales
_949329
700 1 _aGuibert Reyes, Wilfredo
_949330
999 _c23486
_d23486